| 000 | 00462nam a2200145 4500 | ||
|---|---|---|---|
| 999 |
_c9952 _d9952 |
||
| 008 | 180723b ||||| |||| 00| 0 eng d | ||
| 022 | _a2094-8042 | ||
| 082 | _aDPer 370.105 M72 Jan-Dec 2011 | ||
| 100 |
_929388 _aDacoco Asok, Lovern Grace |
||
| 245 |
_aValentine's day/ _cLovern Grace Dacoco Asok. |
||
| 260 |
_aPhilippines; _bIn The Grade School, Inc., _cc2011. |
||
| 300 |
_av59 n9, pages 361; _c27cm. |
||
| 650 | 0 |
_929407 _aPhilippine _xPoetry |
|
| 942 |
_2ddc _cPER |
||